000
00274nam a22001217a 4500
008
180221b xxu||||| |||| 00| 0 eng d
041
_a
eng
080
_a
33
100
_a
58
101
_a
BUS
245
_a
BUSINESS DRIVEN INFORMATION SYSTEMS
_c
JAMES.R
942
_2
udc
_c
BK
999
_c
43082
_d
43082